Matematické fyzikálne a chemické tabuľky pre stredné školy

Guardado en:
Detalles Bibliográficos
Formato: Libro
Lenguaje:eslovaco
Publicado: Bratislava : SPN, 1974
Edición:3. dopl. vyd.
Etiquetas: Agregar Etiqueta
Sin Etiquetas, Sea el primero en etiquetar este registro!

MARC

LEADER 00000nam a22000003a 4500
001 stu271751
005 20180919133141.2
008 130719s--------cs------------------slo-d
040 |a STU  |b slo 
041 0 |a slo 
044 |a cs 
245 |a Matematické fyzikálne a chemické tabuľky pre stredné školy 
250 |a 3. dopl. vyd. 
260 |a Bratislava :  |b SPN,  |c 1974 
300 |a 341 s 
996 |b 284V035647  |c V*8283/O-993  |l VVS  |s A  |a 24  |w stu271751_0001